000 01037nam a2200301 c 4500
003 BLK
005 20240329120224.0
008 180412b bul|||||r ||||||| ||bul||
010 _aKNG00009734000
040 _aBLK
041 _aBUL
_cBUL
080 _aАмериканска литература (на САЩ)
_b821.111(73)
_x-31
_z821.111(73)-31
100 1 _aСатклиф, Катрин
_eпърви автор
_9119090
139 _aСатклиф, Катрин
_bС 2О
245 1 0 _aМой капитане
_bРоман
_cКатрин Сатклиф.
257 _aUSA
260 София
_bБард
_c1995
300 _a267 с.
_c20 см
380 _aX
490 1 _aИсторически любовни романи
500 _aОриг. загл. Once a Hero / Katherine Sutcliffe ; 9 000 тир.
852 _aЦб 184152
856 4 _qpdf
_u
856 4 _qpdf
_u
942 _cKNG
_n0
_06
944 _aCR
_c15.01.2003
_lСилвия Димитрова
_k30538
944 _aED
_c26.08.2014
_lф /
_k
999 _c8389
_d8389